Who owns whom 2011/ 12 : Australasia, Africa & Rest of Asia.

Bibliographic Details
Format: Book
Published: London: GAP Books, 2011.
Subjects:
LEADER 00676cam a2200205 7i4500
001 0000027282
005 20120111090000.0
020 0 0 |a 9781907885488  
090 0 0 |a I 338.8025   |b WHO 
245 0 0 |a Who owns whom 2011/ 12 :   |b Australasia, Africa & Rest of Asia. 
260 0 0 |a London:   |b GAP Books,   |c 2011. 
300 # # |a 1552 p. 
650 0 0 |a International business enterprises --   |x Dictionaries  
650 0 0 |a Corporations --   |x Directories --   |z Australasia  
650 0 0 |a Corporations --   |x Directories --   |z Africa  
650 0 0 |a Corporations --   |z Asia  
651 0 0 |a Asia  
651 0 0 |a Africa  
651 0 0 |a Australasia  
999 |a B000029936  |b Directories  |c Regions  |e Business Information Centre